F1 Tracks by Map 2022 - Statistics

General Stats
  • This quiz has been taken 13,272 times
  • The average score is 16 of 22
Answer Stats
Picture Answer % Correct
Italy
86%
Monaco
84%
Azerbaijan
83%
Japan
82%
Saudi Arabia
78%
Austria
77%
Bahrain
76%
Spain
76%
Belgium
74%
Hungary
73%
Singapore
72%
Great Britain
70%
United States
68%
Abu Dhabi
67%
Miami
67%
São Paulo
67%
Australia
66%
Canada
66%
Netherlands
65%
Emilia Romagna
63%
Mexico City
62%
France
55%
No matching quizzes found
Score Distribution
Percent of People with Each Score
Percentile by Number Answered
Your Score History
You have not taken this quiz